000 nam a22 7a 4500
999 _c15370
_d15370
008 161031b xxu||||| |||| 00| 0 eng d
020 _a931280118
020 _a9781931280112
050 _aLC 3993.2 .R49 2009
100 _aRenzulli, Joseph S.
245 _aSystems & models for developing programs for the gifted & talented/
_cJoseph S. Renzulli, E. Jean Gubbins, Kristin S. McMillen, Rebecca D. Eckert and Catherine A. Little.
260 _aMansfield Center, CT :
_bCreative Learning Press,
_c ©2009.
300 _ax, 728p. :
_bill. ;
_c28cm.
500 _aIncludes bibliography and index.
650 _a Gifted children
_x Education.
650 _a Education
_xCurricula.
650 _a Instructional systems
_xDesign.
700 _aGubbins, E. Jean
700 _aMcMillen, Kristin S.
700 _aEckert, Rebecca D.
700 _a Little, Catherine A.
942 _2lcc
_cBOOKS
_hLC 3993.2 .R49 2009